| 000 | 00362nam a22001577a 4500 | ||
|---|---|---|---|
| 003 | OSt | ||
| 005 | 20210923100357.0 | ||
| 008 | 210923b |||||||| |||| 00| 0 eng d | ||
| 020 | _a0934540381 | ||
| 040 |
_aHU _cDDC |
||
| 082 | _a320.95694 | ||
| 245 | _aPOLITICS IN ISRAEL | ||
| 260 |
_aCHATHAM _bNEW JERSEY _c1985 |
||
| 300 | _a281,P,18cm | ||
| 942 |
_2ddc _cBOOKS _n0 |
||
| 999 |
_c6184 _d6184 |
||